Mathematics in the modern world / Jeffrey M. Soriano, Jester M. Soriano. (Record no. 21298)
| 000 -LEADER | |
|---|---|
| fixed length control field | 00551nam a22001697a 4500 |
| 020 ## - INTERNATIONAL STANDARD BOOK NUMBER | |
| ISBN | 9786214092857 |
| 082 ## - DEWEY DECIMAL CLASSIFICATION NUMBER | |
| Classification number | 510 |
| Item number | So7141 2024 |
| 100 ## - MAIN ENTRY--AUTHOR NAME | |
| Personal name | Soriano, Jeffrey M., author |
| 245 ## - TITLE STATEMENT | |
| Title | Mathematics in the modern world / Jeffrey M. Soriano, Jester M. Soriano. |
| 250 ## - EDITION STATEMENT | |
| Edition statement | Second edition. |
| 260 ## - PUBLICATION, DISTRIBUTION, ETC. (IMPRINT) | |
| Place of publication | Mandaluyong City : |
| Name of publisher | Books Atbp. Publishing Corp., |
| Year of publication | ©2024. |
| 300 ## - PHYSICAL DESCRIPTION | |
| Number of Pages | viii, 227 pages : |
| Other physical details | illustrations ; 26 cm |
| 500 ## - GENERAL NOTE | |
| General note | Includes bibliographical references. |
| 650 ## - SUBJECT ADDED ENTRY--TOPICAL TERM | |
| Topical Term | Mathematics. |
| 700 ## - ADDED ENTRY--PERSONAL NAME | |
| Personal name | Soriano, Jester M. |
| 942 ## - ADDED ENTRY ELEMENTS (KOHA) | |
| Koha item type | Books |
| Source of acquisition | Permanent Location | Date acquired | Koha item type | Collection code | Accession Number | Lost status | Shelving location | Withdrawn status | Current Location | Full call number |
|---|---|---|---|---|---|---|---|---|---|---|
| School | Cagayan State University - Carig Library | 2025-08-27 | Books | Pure Sciences | 011048 | General Collection | Cagayan State University - Carig Library | 510 So7141 2024 | ||
| School | Cagayan State University - Carig Library | 2025-08-27 | Books | Pure Sciences | 011049 | General Collection | Cagayan State University - Carig Library | 510 So7141 2024 | ||
| School | Cagayan State University - Carig Library | 2025-08-27 | Books | Pure Sciences | 011050 | General Collection | Cagayan State University - Carig Library | 510 So7141 2024 |